Concellos of Ourense (Fill-in Map) - Statistics

General Stats
  • This quiz has been taken 170 times
  • The average score is 58 of 92
Answers on the Map
Answers color-coded by a green-red scale on the quiz's map according to % correct below.
 
Answer Stats
Answer % Correct
Verín
98%
Ourense
95%
Xinzo de Limia
93%
O Barco de Valdeorras
85%
Laza
83%
Manzaneda
83%
A Gudiña
81%
O Carballiño
81%
Allariz
78%
A Mezquita
78%
Celanova
78%
Viana do Bolo
78%
Monterrei
75%
Ribadavia
75%
Avión
73%
Lobios
73%
A Pobra de Trives
71%
Maceda
71%
A Rúa
69%
Barbadás
68%
Calvos de Randín
68%
Chandrexa de Queixa
68%
O Bolo
68%
Oímbra
68%
Xunqueira de Espadanedo
68%
A Veiga
66%
Bande
66%
Castro Caldelas
66%
Cualedro
66%
Entrimo
66%
Melón
66%
Vilardevós
66%
Vilariño de Conso
66%
Xunqueira de Ambía
66%
A Bola
64%
Maside
64%
O Pereiro de Aguiar
64%
Parada de Sil
64%
Petín
64%
Rubiá
64%
Vilamartín de Valdeorras
64%
A Arnoia
63%
A Merca
63%
Baltar
63%
Baños de Molgas
63%
Boborás
63%
Cortegada
63%
O Irixo
63%
San Cibrao das Viñas
63%
Beariz
61%
Carballeda de Valdeorras
61%
Coles
61%
Lobeira
61%
San Cristovo de Cea
61%
Vilar de Barrio
61%
Esgos
59%
Muíños
59%
Os Blancos
59%
Paderne de Allariz
59%
San Xoán de Río
59%
A Peroxa
58%
Beade
58%
Nogueira de Ramuín
58%
Padrenda
58%
Riós
58%
Carballeda de Avia
56%
Cenlle
56%
Pontedeva
56%
San Amaro
56%
Sarreaus
56%
Toén
56%
Vilamarín
56%
Vilar de Santos
56%
Amoeiro
54%
Cartelle
54%
Larouco
54%
Punxín
54%
Quintela de Leirado
54%
Sandiás
54%
Leiro
53%
Montederramo
53%
Castrelo de Miño
51%
Gomesende
51%
Trasmiras
51%
Verea
51%
Taboadela
49%
A Teixeira
47%
Castrelo do Val
47%
Piñor
47%
Porqueira
47%
Rairiz de Veiga
47%
Ramirás
47%
No matching quizzes found
Score Distribution
Percent of People with Each Score
Percentile by Number Answered
Your Score History
You have not taken this quiz